000 00408nam a2200157Ia 4500
008 210210b1987 xxu||||| |||| 00| 0 eng d
020 _a0 85112 836 X
082 _a796.8153 MORK
100 _aMORRIS (Tommy).
245 _aKarate: the complete course.
260 _aLondon
_bGuinness superlatives ltd
_c1987
300 _a160
650 _aKarate
690 _aAthletic & Outdoor Sports
906 _a041375
999 _c91460
_d91460